| 000 | 00817nam a2200253Ia 4500 | ||
|---|---|---|---|
| 003 | OSt | ||
| 005 | 20220923230649.0 | ||
| 006 | a|||||r|||| 00| 0 | ||
| 007 | ta | ||
| 008 | ASM | ||
| 024 | _a302,129 | ||
| 037 | _cTextual | ||
| 040 |
_aARTS _cARTS _bASM |
||
| 041 |
_2ASM _aASM |
||
| 082 | _aO158,3NSA,1, 152L7 | ||
| 100 |
_aमलिक, सैय्यद अब्दुल; _9158533 |
||
| 245 | 0 | _aसूरजमुखी का सपना | |
| 246 | _aSūrajamukhī kā sapanā | ||
| 260 | _c1977 | ||
| 650 | _aअसमी कहानी | ||
| 700 | _aभराली, लोकनाथ, अनु. | ||
| 942 |
_hO158,3NSA,1, 152L7 _cTEXL _2CC |
||
| 999 |
_c386370 _d386370 |
||